[Event "Gaia Profigaia op 6th"]
[Site "Vila Nova de Gaia"]
[Date "2013.07.09"]
[Round "6.21"]
[White "Gonzalez Rodriguez, Ruben"]
[Black "Silva, Armando Sousa"]
[Result "0-1"]
[WhiteElo "1477"]
[BlackElo "2006"]
[PlyCount "124"]
[EventDate "2013.07.06"]
[EventType "swiss"]
[EventRounds "9"]
[EventCountry "POR"]
[SourceTitle "EXT 2015"]
[Source "ChessBase"]
[SourceDate "2014.11.20"]
[SourceVersion "1"]
[SourceVersionDate "2014.11.20"]
[SourceQuality "1"]

1. Nf3 c5 2. c4 g6 3. g3 Bg7 4. Bg2 Nc6 5. 0-0 e6 6. d3 Nge7 7. Nc3 0-0 8. e4 d5 9. a3 Na5 10. Nd2 dxc4 11. Nxc4 Nac6 12. Ne2 b5 13. Ne3 Rb8 14. Qc2 Qb6 15. Rb1 a5 16. Bd2 Nd4 17. Nxd4 cxd4 18. Nd1 Bd7 19. b4 a4 20. Qc5 Qd8 21. Qc2 Rc8 22. Qb2 e5 23. f4 Nc6 24. Nf2 Be6 25. Rfc1 Re8 26. Rc5 Qb6 27. h3 Bf8 28. Rcc1 Bb3 29. Ng4 Bg7 30. fxe5 Nxe5 31. Nxe5 Bxe5 32. Bf4 Bg7 33. Rxc8 Rxc8 34. Rc1 Rc3 35. Bf1 Qc6 36. Bd2 Qc7 37. Kg2 Be5 38. Kh1 Rxc1 39. Qxc1 Qxc1 40. Bxc1 Bxg3 41. Kg2 Be5 42. Kf3 h5 43. Be2 Kg7 44. Bf4 Kf6 45. h4 Be6 46. Kg3 Bd7 47. Bd1 Ke6 48. Be2 Kd6 49. Bd1 f6 50. Be2 Bc8 51. Kf3 Bd7 52. Kg3 Ke6 53. Bd1 g5 54. hxg5 fxg5 55. Bxe5 h4+ 56. Kg2 Kxe5 57. Kf2 g4 58. Be2 Kf4 59. Bf1 h3 60. Kg1 g3 61. Be2 Ke3 62. Bf1 g2 0-1

[Event "Gaia Profigaia op 6th"]
[Site "Vila Nova de Gaia"]
[Date "2013.07.06"]
[Round "1.7"]
[White "Pinho, Paulo Miguel"]
[Black "Gonzalez Rodriguez, Ruben"]
[Result "1-0"]
[WhiteElo "2244"]
[BlackElo "1477"]
[PlyCount "68"]
[EventDate "2013.07.06"]
[EventType "swiss"]
[EventRounds "9"]
[EventCountry "POR"]
[SourceTitle "EXT 2015"]
[Source "ChessBase"]
[SourceDate "2014.11.20"]
[SourceVersion "1"]
[SourceVersionDate "2014.11.20"]
[SourceQuality "1"]

1. d4 d5 2. Nf3 Nf6 3. c4 c6 4. Nc3 Nbd7 5. cxd5 cxd5 6. Bf4 a6 7. e3 e6 8. Bd3 Be7 9. h3 0-0 10. 0-0 b5 11. Rc1 Bb7 12. Ne5 Rc8 13. Bb1 Nb6 14. Qd3 Nc4 15. Qe2 b4 16. Na4 a5 17. Bd3 Nd6 18. Nc5 Rc7 19. Rc2 Nfe4 20. Nxb7 Rxc2 21. Nxd8 Rxe2 22. Bxe2 Rxd8 23. Nc6 Rd7 24. f3 g5 25. Bh2 Nd2 26. Nxe7+ Rxe7 27. Bxd6 Rd7 28. Rd1 Nc4 29. Bxc4 dxc4 30. Be5 Kf8 31. Rc1 Ke7 32. Rxc4 f6 33. Bc7 e5 34. Bxa5 Ke6 1-0